00968cam a22002891 4500001001300000003000400013005001700017008004100034010001700075035002000092040001800112042001200130050002400142051001200166100001800178245008700196250001300283260003600296300003400332490008400366504003100450650002400481650001400505740004400519830009800563999001700661gs 50000167 DLC20260227111356.0891016s1948 fr 000 0 fre  ags 50000167  a(OCoLC)23397618 aDLCcMiUdDLC apremarc00aQE268.A35bG57 1948 a4QE 3751 aGoguel, Jean.10aIntroduction à l'étude mécanique des déformations de l'écorce terrestre. a2. éd. aParis,bImpr. nationale,c1948. a530 p.bmaps, diagrs.c33 cm.1 aMémoires pour servir à l'explication de la carte détaillée de la France aBibliographical footnotes. 0aGeology, Structural 0aMountains0 aDéformations de l'écorce terrestre. 0aMémoires pour servir à l'explication de la carte géologique détaillée de la France. c28476d28476